Normal view
MARC view
- Sajjad, Maham
Entry Personal Name
001 - CONTROL NUMBER
- control field: 97364
003 - CONTROL NUMBER IDENTIFIER
- control field: NUST
005 - DATE AND TIME OF LATEST TRANSACTION
- control field: 20220816093419.0
008 - FIXED-LENGTH DATA ELEMENTS
- fixed length control field: 220816|| aca||aabn | a|a d
040 ## - CATALOGING SOURCE
- Original cataloging agency: NUST
- Transcribing agency: NUST
100 ## - HEADING--PERSONAL NAME
- Personal name: Sajjad, Maham
670 ## - SOURCE DATA FOUND
- Source citation: Work cat.: (NUST): Sajjad, Maham , Application Of Vr Based Approach To Help Secondary Students In Performing Practical Activties /
